Cultural policy in Hungary : (Record no. 33784)
[ view plain ]
| 000 -LEADER | |
|---|---|
| fixed length control field | 00889nam a2200265 i 4500 |
| 001 - CONTROL NUMBER | |
| control field | 33784 |
| 003 - CONTROL NUMBER IDENTIFIER | |
| rucl marc code | BD-RjUL |
| 005 - DATE AND TIME OF LATEST TRANSACTION | |
| control field | 20211209052047.0 |
| 008 - FIXED-LENGTH DATA ELEMENTS--GENERAL INFORMATION | |
| fixed length control field | 140511s1974 fr af i000 0 eng d |
| 020 ## - INTERNATIONAL STANDARD BOOK NUMBER | |
| International Standard Book Number | 9231011693 |
| 035 ## - SYSTEM CONTROL NUMBER | |
| System control number | (BD-RjUL)33875 |
| 040 ## - CATALOGING SOURCE | |
| Original cataloging agency | DLC |
| Transcribing agency | DLC |
| Modifying agency | DLC |
| -- | BD-RjUL |
| Language of cataloging | eng |
| 041 ## - LANGUAGE CODE | |
| Language code of text/sound track or separate title | eng |
| 082 00 - DEWEY DECIMAL CLASSIFICATION NUMBER | |
| Classification number | 306.0294391 |
| Author mark and year | UNC 1974 |
| 245 00 - TITLE STATEMENT | |
| Title | Cultural policy in Hungary : |
| Remainder of title | a survey prepared under the auspices of the Hungarian National Commission for Unesco / |
| 260 ## - PUBLICATION, DISTRIBUTION, ETC. (IMPRINT) | |
| Place of publication, distribution, etc. | Paris : |
| Name of publisher, distributor, etc. | Unesco Press, |
| Date of publication, distribution, etc. | 1974. |
| 300 ## - PHYSICAL DESCRIPTION | |
| Pagination | 79 p., [2] leaves of plates : |
| Illustrations | ill. ; |
| Size | 25 cm. |
| 500 ## - GENERAL NOTE | |
| General note | "[B]SHC.74/XIX.28/A." |
| 651 #0 - SUBJECT ADDED ENTRY--GEOGRAPHIC NAME | |
| Geographic name | Hungary |
| General subdivision | Intellectual life |
| Chronological subdivision | 20th century. |
| 9 (RLIN) | 102590 |
| 710 1# - ADDED ENTRY--CORPORATE NAME | |
| Corporate name or jurisdiction name as entry element | Hungary. |
| Subordinate unit | Magyar UNESCO Bizottság. |
| 9 (RLIN) | 102591 |
| 942 ## - ADDED ENTRY ELEMENTS (KOHA) | |
| Source of classification or shelving scheme | Dewey Decimal Classification |
| Koha item type | Books |
| Lost status | Source of classification or shelving scheme | Damaged status | Not for loan | Collection code | Permanent Location | Current Location | Shelving location | Date acquired | Source of acquisition | Cost, normal purchase price | Total Checkouts | Full call number | Date last seen | Copy number | Koha item type |
|---|---|---|---|---|---|---|---|---|---|---|---|---|---|---|---|
| Dewey Decimal Classification | Not For Loan | Non-fiction | Central Library, University of Rajshahi | Central Library, University of Rajshahi | Reading Room | 03/12/1981 | Unknowen Gift | 0.00 | 306.0294391 UNC 1974 | 11/05/2014 | C-1 | Books | |||
| Dewey Decimal Classification | Non-fiction | Central Library, University of Rajshahi | Central Library, University of Rajshahi | 30/08/1982 | UNESCO, Gift. | 306.0294391 UNC 1974 | 11/05/2014 | C-2 | Books |